000 00462nam a2200169Ia 4500
008 240729s9999 xx 000 0 und d
022 _a1532-2750
245 0 _aJournal of Feline Medicine and Surgery
260 _aUnited Kingdom
260 _bSAGE Publishing
650 _a Animal culture
650 _a Veterinary medicine
650 _aAgriculture
856 _uhttps://doaj.org/toc/a080948f6a844acdaac3137f2e8d4bb2
942 _2ddc
942 _cDOAJEJ
999 _c74439
_d74439
945 _a1
_bMadushi Gamage
_c1
_dMadushi Gamage